Aprenda ya Microsoft Visual Basic.NET (Registro nro. 1436)
[ vista simple ]
| 000 -CABECERA | |
|---|---|
| campo de control de longitud fija | 00818am a2200301a 44500 |
| 005 - FECHA Y HORA DE ACTUALIZACIÓN | |
| campo de control | 20160719155441.0 |
| 008 - LONGITUD FIJA | |
| campo de control de longitud fija | 150623b xxu||||| |||| 00| 0 spa d |
| 041 ## - IDIOMA | |
| Código de idioma del texto/pista de sonido o título separado | |
| 082 ## - CLASIFICACIÓN DECIMAL DEWEY | |
| Número de clasificación | 005.262 |
| Número de documento/Ítem | H177a |
| 100 ## - AUTOR PERSONAL | |
| Nombre de persona | Halvorson, Michael |
| 245 ## - TÍTULO PROPIAMENTE DICHO | |
| Título | Aprenda ya Microsoft Visual Basic.NET |
| 260 ## - PIE DE IMPRENTA | |
| Lugar de publicación, distribución, etc. | España |
| Nombre del editor, distribuidor, etc. | McGraw-Hill |
| Fecha de publicación, distribución, etc. | 2002 |
| 300 ## - DESCRIPCIÓN FÍSICA | |
| Extensión | 651 páginas |
| 650 ## - Materia General | |
| Materia general | LENGUAJES DE PROGRAMACION |
| 650 ## - Materia General | |
| Materia general | VISUAL BASIC.NET |
| 650 ## - Materia General | |
| Materia general | HERRAMIENTAS |
| 650 ## - Materia General | |
| Materia general | VARIABLES |
| 650 ## - Materia General | |
| Materia general | OPERADORES |
| 650 ## - Materia General | |
| Materia general | MATRICES |
| 650 ## - Materia General | |
| Materia general | FORMULARIOS |
| 650 ## - Materia General | |
| Materia general | ANIMACION |
| 650 ## - Materia General | |
| Materia general | BASES DE DATOS |
| 650 ## - Materia General | |
| Materia general | INTERNET |
| 650 ## - Materia General | |
| Materia general | HTML |
| 650 ## - Materia General | |
| Materia general | PAGINAS WEB |
| 650 ## - Materia General | |
| Materia general | ARCHIVOS |
| 942 ## - Punto de Acceso Adicional Koha | |
| Tipo de ítem Koha | Libro |
| Estado perdido | Estado dañado | No para préstamo | Biblioteca permanente | Biblioteca actual | Signatura completa | Código de barras | Precio efectivo a partir del | Tipo de ítem |
|---|---|---|---|---|---|---|---|---|
| Departamento de Biblioteca y Documentación Alfonso Chase Brenes | Departamento de Biblioteca y Documentación Alfonso Chase Brenes | 005.262 H177a | 10431 | 19/07/2016 | Libro | |||
| Departamento de Biblioteca y Documentación Alfonso Chase Brenes | Departamento de Biblioteca y Documentación Alfonso Chase Brenes | 005.262 H177a | 10666 | 19/07/2016 | Libro | |||
| Departamento de Biblioteca y Documentación Alfonso Chase Brenes | Departamento de Biblioteca y Documentación Alfonso Chase Brenes | 005.262 H177a | 10667 | 19/07/2016 | Libro |